01048cam a2200241 a 450000100100000000500170001000800410002704000250006808200200009310000370011324501210015025000110027126000300028230000210031249000300033350400440036353400910040770000410049804900090053995201180054895201230066699900170078900002185520200930011457.0001206s1970 sp 000 |dspa d aDO-SdBNPbspacBNPHU axxxbF889a,19701 aFreud, Sigmundd1856-193993513810aAutobiografía :bhistoria del movimiento psicoanalítico /cSigmund Freud; traducción, Luis López-Balleteros. a2a ed. aMadrid :bAlianza,c1970. a191 p. ;c18 cm.1 aEl Libro de Bolsillov172 aIncluye referencia al pie de páginas. aTítulo original :tSelbstdarstellung. Zur geschichte der psychoanalytischen bewegung1 aLópez-Balleteros, Luisetr.945376 aBNGR 001050718MOaGRbGRcCTd2010-09-13iLF1l0oxxx F889a,1970p21855-10r2020-06-25w2020-06-25y1ZNo se presta 001050718MOaGRbGRcCTd2010-09-13iLF1l0oxxx F889a,1970p21855-20r2020-06-25te.2w2020-06-25y1ZNo se presta c21353d21353